000 003080000a22001450004500
001 000847
003 MACL
040 _aMACL
090 _c847
_d847
100 _aMuller, Max F.
245 _aThe Sacred Books Of the East
_cMax F. Muller
260 _aAVF Books,
_c1987
650 _aReligion
942 _k294
_cBook
999 _c845
_d845